Normal view
MARC view
Entry Topical Term
001 - CONTROL NUMBER
- control field: 34980
003 - CONTROL NUMBER IDENTIFIER
- control field: OSt
005 - DATE AND TIME OF LATEST TRANSACTION
- control field: 20230103160454.0
008 - FIXED-LENGTH DATA ELEMENTS
- fixed length control field: 230103|| aca||aabn | a|a d
040 ## - CATALOGING SOURCE
- Original cataloging agency: OSt
- Transcribing agency: OSt
150 ## - HEADING--TOPICAL TERM
- Topical term or geographic name entry element: Scale development, Validation, Purification, Sustainable online retailing, Statistical and judgmental criteria.
670 ## - SOURCE DATA FOUND
- Source citation: Work cat.: (OSt): Bhat, S.A. Mir, A.A. and Islam, S.B. 34979, Scale purification and validation: A methodological approach to sustainable online retailing
